000 00582nam a22001697a 4500
003 OSt
005 20140311134815.0
008 130601t xxu||||| |||| 00| 0 eng d
020 _a9719201827
050 _aDS 676
_b.Or65 1998
082 _aFIL 959.9027
_bP53 1998
245 _aThe Philippine revolution and beyond vol.2 :
_bpapers from the International conference on the centennial of the 1896 Philippine revolution.
_cOrdoƱez, Elmer A.
260 _aManila, Philippines :
_bParagraphics,
_cc1998
300 _avii, 1066 p.
_c25 cm.
942 _2lcc
_cBK
_kFil
999 _c35900
_d35900